[Event "IV Copa Marcel Duchamp 2020"]
[Site "Montevideo"]
[Date "2020.02.12"]
[Round "6.12"]
[White "Vitoux, Colomban"]
[Black "Meskanen, Vesa"]
[Result "1/2-1/2"]
[WhiteElo "2377"]
[BlackElo "2019"]
[Annotator "TA"]
[PlyCount "107"]
[EventDate "2020.02.08"]
[EventType "swiss"]
[EventCountry "URU"]
[SourceTitle "playchess.com"]
[Source "ChessBase"]
[SourceQuality "1"]

{[%evp 9,107,7,8,8,10,8,15,8,6,-7,-7,-12,0,0,0,-5,6,6,18,18,45,13,10,17,18,-5,0,-47,-53,-58,-54,-40,86,85,87,81,75,-59,-76,-209,-189,-213,-208,-221,-221,-257,-210,-279,-270,-329,-333,-322,-312,-802,-794,-736,-136,-136,-133,-165,-127,-127,-116,-115,-120,-131,-112,-166,-166,-186,-169,-154,-97,-101,-97,-125,-83,-85,-85,-78,-20,-15,-7,-31,-14,-32,-7,-45,-11,-13,-5,-41,-32,-25,-35,-31,0,-18,0,-30]} 1. Nf3 Nf6 2. b3 e6 3. Bb2 c5 4. e3 Nc6 5. Be2 d5 6. O-O {A05: Réti Opening: 1 Nf3 Nf6.} Bd6 7. d4 cxd4 8. exd4 O-O 9. c4 b6 10. Re1 Ba6 11. Nbd2 Rc8 12. Rc1 {[#]} Na5 $146 ({Predecessor:} 12... Ne4 13. cxd5 Bxe2 14. Qxe2 exd5 15. Nxe4 Re8 16. Qc2 dxe4 17. Rxe4 Ne5 18. Qxc8 Nxf3+ 19. gxf3 Qxc8 20. Rxc8 Rxc8 {½-½ (42) Ottlakan,P (1668)-Fridrik,R (1634) Hungary 2015}) 13. Ne5 Bb4 14. Bd3 Qe7 15. Re3 (15. c5 $5 {[%cal Rd3a6]} Bxd3 16. Nxd3 $14) 15... Ba3 16. Bxa3 Qxa3 17. c5 Bxd3 18. Nxd3 (18. Rxd3 $5 {[%cal Rb3b4]} Nc6 19. cxb6 Nxe5 20. Rxc8 Nxd3 21. b7 $11) 18... Nc6 $36 {[%mdl 2048] Black has the initiative.} 19. Nf3 bxc5 20. dxc5 d4 (20... Ne4 $15 {keeps the upper hand.}) 21. Re1 $1 $16 Rfd8 22. Rc4 Qa5 23. b4 (23. Qc2 $16) 23... Qxa2 $15 24. Nd2 (24. Rc2 $17 {keeps fighting.} Qa6 25. Rb2) 24... Rb8 25. Rc2 {[#]} Qa6 $1 {[%cal Ra6d3]} 26. Rc4 Nd5 27. Qb3 Qb5 {[%cal Rd5b4]} 28. Ra1 a5 29. Ne4 {and the idea Nd6 leaves White hopeful.} axb4 {aiming for ...Ra8.} ({Weaker is} 29... Ncxb4 30. Nd6 $17) 30. Nd6 Na5 {[%mdl 64] Double Attack} 31. Qa2 $2 (31. Qc2 Rxd6 32. Rxa5 Qxa5 33. cxd6) 31... Rxd6 $1 $19 32. Qxa5 Rdd8 $2 (32... Qxc4 $19 {has better winning chances.} 33. Nb2 Qe2 34. cxd6 Qxb2) 33. Qxb5 $17 Rxb5 34. Rxd4 f6 35. Kf1 e5 36. Rc4 b3 37. Rb1 Kf7 38. Rb2 (38. c6 $17) 38... Ke7 $19 39. Ke1 Ra8 40. Nc1 Kd7 ({Black should play} 40... Ra3 41. Kd2 g6) 41. Rxb3 $17 Kc6 {And now ...Ra1 would win.} 42. Rc2 Rxc5 43. Rxc5+ Kxc5 {[%mdl 4096] Endgame KRN-KRN} 44. Rb7 {[#]} g5 (44... Rg8 $1 $17 45. Nb3+ Kd6) 45. Rxh7 $11 Kd6 46. Kd2 Ke6 47. g3 Ra3 48. Rb7 Kf5 49. h3 Ke4 50. Rd7 Ra5 51. Ke2 Nc3+ 52. Kd2 Nd5 53. Ke2 $1 Nc3+ 54. Kd2 {Accuracy: White = 66%, Black = 72%.} 1/2-1/2

[Event "IV Copa Marcel Duchamp 2020"]
[Site "Montevideo"]
[Date "2020.02.12"]
[Round "6.13"]
[White "Trois, Francisco R.T."]
[Black "Mussanti, Diego"]
[Result "1/2-1/2"]
[WhiteElo "2141"]
[BlackElo "2330"]
[Annotator "TA"]
[PlyCount "235"]
[EventDate "2020.02.08"]
[EventType "swiss"]
[EventCountry "URU"]
[SourceTitle "playchess.com"]
[Source "ChessBase"]
[SourceQuality "1"]

{[%evp 22,234,-19,-20,19,-43,-41,-37,-54,-54,-66,-75,-62,-125,-137,-133,129,127,441,-29,-29,-25,-24,-40,-46,-56,-52,-57,-41,-49,-30,-27,-7,-11,0,0,0,-4,0,0,0,0,0,-13,0,0,0,-36,-24,-29,-25,-56,-49,-56,-35,-43,-22,-28,-38,-52,-40,-21,-27,-22,-23,-50,-45,-32,-29,-32,-29,-36,-24,-28,-29,-23,0,0,0,0,0,0,0,0,0,0,0,0,20,26,20,28,29,21,29,28,31,33,85,44,41,43,42,8,17,0,0,0,22,0,0,0,0,0,0,0,0,0,0,0,0,0,7,7,7,7,7,7,7,7,7,7,7,7,7,7,7,7,7,0,7,7,7,7,7,0,7,0,7,0,0,0,7,0,7,0,7,0,7,7,7,7,8,7,7,0,0,0,0,0,7,0,8,8,8,8,8,8,8,0,8,8,8,0,8,0,8,8,8,8,8,8,8,8,8,8,8,8,8,8,8,0,0,0,0,0,0,0,0,0,0,0,0,0,0]} 1. Nf3 c5 2. c4 Nc6 3. Nc3 Nf6 4. e3 e6 5. d4 cxd4 6. exd4 d5 7. Bg5 Be7 8. Bd3 dxc4 9. Bxc4 O-O 10. O-O b6 11. Re1 Bb7 12. a3 Nd5 {E57: Nimzo-Indian: Rubinstein: Main Line: 7...Nc6 8 a3 dxc4 9 Bxc4 cxd4.} 13. Bxe7 (13. Bxd5 $11 exd5 14. Bxe7 Nxe7 15. Qd3) 13... Ncxe7 $15 14. Ne4 Nf5 {Black is slightly better.} 15. Qd2 {[#]} Rc8 $146 ({Predecessor:} 15... h6 16. Rad1 Rc8 17. Ba2 Qc7 18. Bb1 Qf4 19. Qd3 Qc7 20. Ne5 Rfd8 21. Qd2 Nde7 {1-0 (70) Van Coppenolle,K (2200)-Smailovic,O (2231) France 2004}) 16. Rac1 Nf6 17. Ng3 (17. Neg5 $1 $15) 17... Bxf3 $1 $17 18. Nxf5 {Threatening Rxe6.} Rxc4 $4 {[%mdl 8192]} ({Much weaker is} 18... exf5 $6 19. gxf3 Qd6 20. Bb3 $11) (18... Bxg2 $1 $17 {keeps the pressure on.} 19. Kxg2 exf5) 19. Rxc4 $16 {aiming for Rc8!} Bd5 $2 {[%mdl 8192] [#]} (19... exf5 $16 {is a better chance.} 20. gxf3 Nd5) 20. Ne3 $2 (20. Rc8 $1 $18 {[%cal Rc8d8][%mdl 512]} Qxc8 21. Ne7+ {[%mdl 64] Double Attack} Kh8 22. Nxc8 Rxc8 23. Rc1) 20... Bxc4 $11 21. Nxc4 Qc7 22. Ne3 Rd8 23. Rd1 h6 24. h3 Qb7 25. Qc2 Qa6 26. Qc4 Qa5 27. Qc7 Rf8 28. Qc6 Qh5 29. Rd2 Rd8 30. Qc7 Rd7 $1 {[%cal Rd7c7]} 31. Qc8+ Kh7 32. Qc2+ g6 33. Qc6 Kg7 34. Ng4 {Threatens to win with Nxf6.} (34. d5 {is more complex.} Qe5 35. d6 h5 36. g3 g5 37. b4) 34... Qd5 (34... Qa5 {looks sharper.} 35. Rd1 Qd5 36. Qxd5 Nxd5 37. Ne3 Ne7) 35. Qxd5 Nxd5 {[%mdl 4096] Endgame KRN-KRN} 36. Ne5 Rc7 37. g3 a5 38. h4 Rc1+ 39. Kg2 f6 40. Ng4 h5 41. Ne3 Kf7 42. Nxd5 exd5 {KR-KR} 43. Kf3 Ke6 44. Kf4 b5 45. Re2+ Kd6 46. Ke3 g5 47. hxg5 fxg5 48. f4 gxf4+ 49. Kxf4 Rd1 50. Ke3 Rh1 51. Rf2 Ke6 52. Rc2 Re1+ 53. Kf3 Kd6 54. Rh2 Re4 55. Rh4 Re1 56. Rxh5 Rb1 57. Rh6+ Kd7 58. Rh2 Ke6 59. g4 b4 (59... Kf6 $14) 60. axb4 axb4 61. Kf4 {Hoping for Re2+.} Rf1+ 62. Ke3 (62. Kg5 $5 {[%cal Rh2h6]}) 62... Rb1 {The position is equal.} 63. Rh6+ Ke7 64. Rh2 Ke6 65. Rh6+ Ke7 66. Kf4 Rxb2 67. Ke5 Rg2 68. Rb6 Rxg4 69. Kxd5 Rg5+ 70. Kc4 Kd7 71. Rb7+ Kd6 72. Rxb4 Rh5 73. Rb6+ Kd7 74. Rg6 Rf5 75. Kd3 Rh5 76. Rf6 Rg5 77. Ke4 Ra5 78. Rh6 Rb5 79. Rh3 Rg5 80. Kf4 Ra5 81. Rh7+ Kd6 82. Rh6+ Kd7 83. Ke4 Rg5 (83... Rb5 {is interesting.}) 84. Rh4 Ra5 85. Rf4 Rh5 86. Kd3 Rh6 87. Rf5 Rg6 88. Ke4 Rh6 89. Rg5 Rf6 90. Ra5 Rb6 91. Rd5+ Ke7 92. Re5+ Kd7 93. Kf5 Rh6 94. Ke4 Rg6 95. Rh5 Rf6 96. Rh7+ Kd8 97. Ke5 (97. d5 {with more complications.} Rg6 98. Ra7 Rh6 99. Kd4 Rd6 100. Ra2) 97... Ra6 98. d5 Rb6 99. Rf7 Ra6 100. Rh7 Rb6 101. Rh8+ Kd7 102. Rf8 Ra6 103. Rf7+ Kd8 104. Rg7 Rb6 105. Ra7 Rh6 106. Rb7 Ra6 (106... Kc8 {is more complex.} 107. Rg7 Kd8 108. Kd4 Rb6 109. Rh7 Ra6) 107. Kd4 Rh6 108. Rf7 Rg6 109. Kc5 Rh6 110. Rb7 (110. Rf8+ {looks sharper.} Kd7 111. Rf1 Rg6 112. Rh1 Kd8 113. Ra1) 110... Rg6 111. Rb6 (111. Ra7 {seems wilder.} Rh6 112. Ra8+ Kd7 113. Ra3 Kd8 114. Ra1) 111... Rxb6 112. Kxb6 {White threatens Kc6 and mate. KP-K} Kd7 113. Kc5 Kc7 114. d6+ Kd7 115. Kd5 Kd8 116. Kc6 {Intending d7 and mate.} Kc8 117. d7+ Kd8 118. Kd6 {Accuracy: White = 89%, Black = 92%.} 1/2-1/2

[Event "IV Copa Marcel Duchamp 2020"]
[Site "Montevideo"]
[Date "2020.02.12"]
[Round "6.14"]
[White "Coppola, Claudio"]
[Black "Soto, Nicolas"]
[Result "1-0"]
[WhiteElo "2314"]
[BlackElo "2002"]
[Annotator "TA"]
[PlyCount "51"]
[EventDate "2020.02.08"]
[EventType "swiss"]
[EventCountry "URU"]
[SourceTitle "playchess.com"]
[Source "ChessBase"]
[SourceQuality "1"]

{[%evp 10,57,29,19,29,26,26,30,33,14,34,23,59,59,58,58,63,52,88,35,23,14,132,125,145,127,156,145,188,193,328,302,302,298,306,295,306,301,308,304,820,811,1085,1076,1189,1156,29980,29980,2396,2376]} 1. d4 d5 2. c4 c6 3. cxd5 cxd5 4. Nc3 Nf6 5. Bf4 e6 6. e3 Be7 {D10: Slav Defence: 3 cxd5 (without early Nf3) and 3 Nc3.} 7. Bd3 O-O 8. h3 Nc6 {White has an edge.} 9. Rc1 Qb6 10. Qe2 {[#]} a5 $146 ({Predecessor:} 10... Bd7 11. a3 Rfc8 12. Nf3 Be8 13. O-O Na5 14. Rc2 Nb3 15. Nd2 Nxd2 16. Qxd2 Qd8 {½-½ (57) Stern,R (2501)-Kuczynski,R (2505) Germany 2010}) 11. Nf3 $36 {[%mdl 2048] White has the initiative.} a4 12. a3 Bd7 13. Ne5 Rfc8 14. Bg5 (14. Nxd7 $16 Nxd7 15. O-O) 14... Be8 $1 $14 15. O-O Na5 {[#]} (15... Ne4 $11 {remains equal.} 16. Bxe7 Nxc3 17. Rxc3 Nxe7) 16. f4 $1 $16 Nb3 17. Rcd1 h6 18. Bh4 g6 19. Ng4 Kg7 (19... Qd8 $142 20. Nxh6+ Kg7) 20. Nxf6 Bxf6 21. Bxf6+ Kxf6 {[#]} 22. f5 $1 {[%cal Rf5g6][%mdl 512]} Kg7 (22... exf5 23. Nxd5+) 23. fxg6 f5 24. g4 Nxd4 $2 (24... Bxg6 25. gxf5 Bxf5 26. Bxf5 exf5 27. Rxf5 Qg6+ 28. Qg2 Ra6 29. Nxd5 Rc2) 25. exd4 $18 Qxd4+ 26. Kh2 {Played: Kg1-h1} 1-0

[Event "IV Copa Marcel Duchamp 2020"]
[Site "Montevideo"]
[Date "2020.02.12"]
[Round "6.15"]
[White "Curi, Gabriel"]
[Black "De Dovitiis, Alejo"]
[Result "0-1"]
[WhiteElo "2132"]
[BlackElo "2314"]
[Annotator "TA"]
[PlyCount "68"]
[EventDate "2020.02.08"]
[EventType "swiss"]
[EventCountry "URU"]
[SourceTitle "playchess.com"]
[Source "ChessBase"]
[SourceQuality "1"]

{[%evp 10,68,49,23,22,0,61,28,53,70,68,61,56,64,52,53,97,101,112,111,103,-63,-60,-55,-39,-42,-41,-66,-60,-86,-45,-39,-31,-35,0,0,0,0,0,0,0,0,0,-15,-11,-60,-77,-102,-110,-528,-181,-171,-155,-191,-185,-497,-489,-618,-616,-683,-669]} 1. d4 Nf6 2. c4 d6 3. Nc3 Nbd7 4. e4 e5 5. d5 Be7 6. g3 O-O {A53: Old Indian Defence without Nf3.} 7. Bg2 Ne8 {[#]} ({Black should play} 7... c6 $11) 8. Nh3 $146 ({Predecessor:} 8. Nf3 a5 9. O-O g6 10. Ne1 Ng7 11. Nd3 f5 12. Bd2 Bg5 13. Bxg5 Qxg5 14. f4 exf4 15. gxf4 {½-½ (21) Michenka,J (2352)-Adamek,J (2272) Czechia 2013}) 8... g6 {White has an edge.} 9. Bh6 Ng7 10. Qd2 a5 11. O-O Nf6 12. f3 Kh8 13. Nf2 Ng8 14. Be3 $1 f5 15. c5 $2 ({White should try} 15. f4 $16) 15... f4 $1 $15 {[%cal Rf4e3]} 16. gxf4 exf4 17. Bd4 $1 ({Don't blunder} 17. Bxf4 $2 Rxf4 18. cxd6 (18. Qxf4 $2 {too greedy.} Bg5 $19) 18... cxd6 $19) 17... dxc5 18. Be5 Bd6 $1 {[%cal Rd6e5]} 19. Nd3 Qg5 20. Bxd6 cxd6 21. Nb5 Qf6 22. Nc7 Rb8 23. Qxa5 Qd8 {And now ...b6 would win.} 24. Qb6 Ne8 25. Na8 $1 Qg5 26. Qa7 Bh3 {[%csl Gh3][%cal Rg5g2]} 27. Ne1 (27. Rf2 $5 {[%cal Ra7b8]} Nef6 28. Nc7 $11) 27... Nef6 $1 28. Nc7 {[#]} Nxe4 $1 $40 {[%mdl 640] Black has strong attack.} 29. Kh1 $2 {[%mdl 8192] [#]} (29. fxe4 $17 {is tougher.} f3 {[%mdl 64] Pin} 30. Qa3 (30. Rxf3 $2 Rxf3 {[%mdl 64] Pin} 31. Qa4 Rbf8 $19) 30... Bxg2 31. Ne6) 29... Qe7 $2 (29... Ng3+ $1 {[%mdl 512]} 30. Kg1 (30. hxg3 Bxg2+) 30... Nxf1 31. Kxf1 Bxg2+ 32. Nxg2 Qh5) 30. Qb6 $19 Ng5 31. Bxh3 Nxh3 32. Ng2 $2 (32. b4 {was the crucial defense.}) 32... Qd8 {Black is clearly winning.} 33. Qa5 {If only White now had time for Qc3+....} Nf6 34. b4 b6 {Accuracy: White = 56%, Black = 75%.} 0-1

[Event "IV Copa Marcel Duchamp 2020"]
[Site "Montevideo"]
[Date "2020.02.12"]
[Round "6.16"]
[White "Suarez, Pedro"]
[Black "Amura, Claudia"]
[Result "0-1"]
[WhiteElo "2063"]
[BlackElo "2245"]
[Annotator "TA"]
[PlyCount "48"]
[EventDate "2020.02.08"]
[EventType "swiss"]
[EventCountry "URU"]
[SourceTitle "playchess.com"]
[Source "ChessBase"]
[SourceQuality "1"]

{[%evp 9,106,28,18,23,24,14,14,10,18,6,21,-4,0,0,23,-14,-8,-37,66,-17,-9,-65,-74,-64,-81,-93,-91,-90,-85,-133,-130,-125,-129,-121,-111,-129,-129,-131,-126,-149,-104,-112,-112,-104,-102,-110,-104,-104,-101,-122,-102,-99,-99,-128,-107,-128,-106,-134,-135,-259,-248,-260,-281,-237,-185,-196,-198,-203,-304,-310,-298,-314,-406,-406,-342,-387,-342,-395,-386,-530,-514,-557,-551,-866,-810,-1352,-1205,-1145,-1093,-1046,-497,-2521,-1991,-10243,-9862,-6272,-6070,-2573,-2027]} 1. d4 d5 2. c4 e6 3. Nc3 a6 4. cxd5 exd5 5. Bf4 Nf6 6. e3 {D31: Queen's Gambit Declined: Semi-Slav without ...Nf6 (+ Marshall Gambit and Noteboom) and Exchange Variation lines without ...Nf6.} Bd6 7. Be5 c6 8. Nf3 {The position is equal.} Bg4 9. h3 Bxf3 {[#]} 10. Qxf3 $146 ({Predecessor:} 10. gxf3 Bxe5 11. dxe5 Nfd7 12. f4 Qe7 13. Rg1 g6 14. Qc2 Nc5 15. O-O-O Nbd7 16. Kb1 {½-½ (37) Bellaiche,A (2459)-Krejci,J (2578) Biel 2018}) 10... Bxe5 11. dxe5 Nfd7 12. Qg4 O-O 13. e6 f5 (13... fxe6 $15 14. Qxe6+ Rf7) 14. Qb4 (14. Qd4 $1 $14) 14... Qb6 $36 {[%mdl 2048] White is under pressure.} 15. Qd4 ({White should try} 15. Qxb6 $11 Nxb6 16. Ne2) 15... Qxd4 $15 16. exd4 Re8 17. O-O-O Rxe6 18. Bd3 g6 19. Rhe1 Nf8 20. Ne2 Nbd7 21. Nf4 Ree8 22. h4 Nf6 23. f3 Kf7 24. h5 g5 {Played: Nf8-e6} 0-1

[Event "IV Copa Marcel Duchamp 2020"]
[Site "Montevideo"]
[Date "2020.02.12"]
[Round "6.17"]
[White "Brizzi, Milagros Tatiana"]
[Black "Carbone, Diego"]
[Result "1-0"]
[WhiteElo "2022"]
[BlackElo "2239"]
[Annotator "TA"]
[PlyCount "49"]
[EventDate "2020.02.08"]
[EventType "swiss"]
[EventCountry "URU"]
[SourceTitle "playchess.com"]
[Source "ChessBase"]
[SourceQuality "1"]

{[%evp 21,99,0,29,0,8,-38,39,35,52,44,45,31,39,43,45,-29,55,27,62,47,39,43,100,0,0,-148,-16,-179,162,-157,35,46,42,47,114,77,141,103,73,77,181,196,1183,1127,29987,29988,29986,239,243,171,176,169,172,169,154,154,145,161,187,188,174,205,187,177,289,279,830,758,722,710,29978,29979,29991,29992,29992,29992,29992,29993,29993,29994]} 1. e4 c5 2. Nf3 Nc6 3. d4 cxd4 4. Nxd4 e6 5. Nc3 Qc7 6. Be3 a6 7. Qd2 Nf6 8. O-O-O Bb4 9. f3 Ne5 10. Nb3 b5 11. Qd4 Be7 (11... Nc6 $5 {[%cal Rc6d4]} 12. Qd2 Ne5 $14) 12. Be2 {B48: Sicilian: Taimanov: 5 Nc3 Qc7 6 Be3 a6 without Be2.} Bb7 13. g4 d6 (13... b4 $15 14. Na4 Rc8) 14. g5 $14 {White is slightly better.} Nc6 $1 {[%cal Rc6d4]} 15. Qd2 Nd7 {[#]} 16. h4 $146 ({Predecessor:} 16. f4 Rc8 17. f5 exf5 18. exf5 Nce5 19. Rhf1 Nc4 20. Bxc4 Qxc4 21. Na5 Qc7 22. Nxb7 Qxb7 23. Nd5 Qc6 24. Nxe7 Kxe7 25. f6+ gxf6 26. gxf6+ Ke6 27. Qd3 Ne5 28. Qf5# {1-0 (26) Fumas Fontova,E (1637)-Pages Jane,J (1731) Balaguer 2011}) 16... b4 17. Na4 Rc8 18. h5 (18. Kb1 $14) 18... Na5 ({Black should try} 18... Nce5 $11 19. Kb1 Bc6) 19. Nxa5 Qxa5 20. b3 Bc6 21. a3 $1 {[%cal Ra3b4]} Rb8 (21... d5 $14 22. h6 gxh6 23. exd5 Qxd5) 22. axb4 (22. Nb2 $16) 22... Rxb4 $11 23. Rdg1 (23. Qc3 $11 {keeps the balance.} Rxa4 24. Qxc6 Ra1+ 25. Kb2 Ra2+ 26. Kb1 Ra1+ 27. Kb2 Ra2+ 28. Kb1 Ra1+ 29. Kb2) 23... e5 (23... Bxa4 $17 24. Qc3 Bxb3 $1 {[%mdl 512]} 25. cxb3 Nc5 26. Bxc5 dxc5) 24. Nc3 $2 (24. Bc4 $11) 24... O-O $4 {[%mdl 8192] [#]} (24... Qa1+ $19 25. Nb1 d5 $1 {[%mdl 512]}) 25. Kb2 {Played: Nc3-a2} 1-0

[Event "IV Copa Marcel Duchamp 2020"]
[Site "Montevideo"]
[Date "2020.02.12"]
[Round "6.18"]
[White "Muniz, Rafael"]
[Black "Moreno, Nelson"]
[Result "1-0"]
[WhiteElo "2232"]
[BlackElo "1656"]
[Annotator "TA"]
[PlyCount "51"]
[EventDate "2020.02.08"]
[EventType "swiss"]
[EventCountry "URU"]
[SourceTitle "playchess.com"]
[Source "ChessBase"]
[SourceQuality "1"]

{[%evp 23,51,2,5,-8,2,-12,62,50,59,16,13,22,77,54,134,94,94,62,153,144,324,351,502,268,615,588,585,543,526,521]} 1. e4 e5 2. Nf3 Nc6 3. Nc3 Nf6 4. d4 exd4 5. Nxd4 Bb4 6. Nxc6 bxc6 7. Bd3 d5 8. exd5 cxd5 9. O-O O-O 10. Bg5 Be7 11. Qf3 c6 12. Rae1 Rb8 13. Ne2 {[#] C47: Scotch Four Knights and Four Knights with 4 g3.} Bg4 $146 ({Predecessor:} 13... Rxb2 14. Nd4 Bd7 15. Nf5 Bxf5 16. Qxf5 g6 17. Qf3 Ne4 18. Bc1 Rxa2 19. Bxe4 dxe4 20. Qxe4 Bf6 21. Qxc6 {0-1 (33) Cherenkov,A (2177)-Pogosyan,S (2312) Moscow 2018}) 14. Qe3 Bxe2 (14... Re8 $11) 15. Rxe2 $14 {White is slightly better.} Re8 16. Qh3 {[#] Strongly threatening Bxf6.} Ne4 17. Be3 c5 ({Reject} 17... Rxb2 $6 18. f3 $16) (17... g6 $11 {remains equal.}) 18. c4 $36 {[%mdl 2048] White is more active.} Nf6 (18... g6 $1 $14) 19. Bf4 dxc4 20. Bxc4 Rb4 ({Black should try} 20... Bd6 $1 $14 21. Rxe8+ Nxe8) 21. b3 Nd5 $2 {[#]} (21... Bf8 $16 22. Rxe8 Nxe8) 22. Bd2 $18 Rb8 (22... Nc7 {keeps fighting.} 23. Bxb4 cxb4) 23. Rfe1 Qd6 $2 (23... Rf8 24. Qf5 Nb6 25. Rxe7 Nxc4) 24. Qh5 {White is clearly winning.} Rbd8 {Now ...Rf8 and Black clings on.} 25. Qxd5 Qxd5 26. Bxd5 {Accuracy: White = 59%, Black = 23%.} 1-0

[Event "IV Copa Marcel Duchamp 2020"]
[Site "Montevideo"]
[Date "2020.02.12"]
[Round "6.19"]
[White "Shtemler, Lavi"]
[Black "Siddeley, Hugh"]
[Result "1-0"]
[WhiteElo "2199"]
[BlackElo "1974"]
[Annotator "TA"]
[PlyCount "137"]
[EventDate "2020.02.08"]
[EventType "swiss"]
[EventCountry "URU"]
[SourceTitle "playchess.com"]
[Source "ChessBase"]
[SourceQuality "1"]

{[%evp 21,137,22,33,30,29,34,37,34,39,22,65,57,44,3,42,30,26,15,33,29,41,35,44,41,35,-41,24,-79,-70,-71,-56,-83,-55,-116,60,51,126,120,137,82,94,56,107,-20,-20,-210,-206,-287,-283,-316,0,0,13,12,493,149,159,134,6620,5411,29978,29979,29979,1240,29979,29981,29989,29990,29995,29986,29986,29987,29979,5710,29987,29988,29988,29980,29990,29988,29987,29978,29988,29989,29989,29989,29990,29990,29990,750,750,750,750,750,750,542,626,8,8,8,532,522,522,0,395,0,2313,992,5193,2589,2181,3708,2714,2512,12809,7056,6620,6091]} 1. e4 c5 2. Nf3 Nc6 3. d4 cxd4 4. Nxd4 e5 5. Nb5 d6 6. N1c3 a6 7. Na3 b5 8. Nd5 Nce7 9. c4 Nxd5 10. exd5 bxc4 11. Nxc4 Nf6 12. Be3 {B32: Sicilian: Löwenthal and Kalashnikov Variations.} Rb8 13. Be2 Be7 14. a4 {[%cal Ba2a4,Ba4a5][%mdl 32] White is slightly better.} O-O 15. O-O Nd7 16. a5 f5 17. Nb6 {[#]} Nxb6 $146 (17... f4 $5 {[%cal Rf4e3]} 18. Nxc8 Qxc8 $11) ({Predecessor:} 17... f4 18. Nxd7 Qxd7 19. Bb6 Bd8 20. Bxd8 Qxd8 21. Qd2 f3 22. Bxf3 Rxf3 23. gxf3 {1-0 (48) Gutierrez Castillo,O (2194)-Rahman,M (2245) Mallorca 2004}) 18. Bxb6 (18. axb6 f4 $17) 18... Qe8 19. Qb3 Bg5 20. Qa3 Qe7 21. b4 e4 22. f4 exf3 $1 23. Bxf3 ({Better is} 23. Qxf3 $14 Qe5 24. Rad1) 23... Re8 (23... Bf4 $15) 24. Kh1 (24. b5 $11) 24... Bd7 $1 $17 25. Bf2 Bd2 26. Rab1 Qf6 27. Bb6 (27. Qa2 $15 Qh6 28. h3) 27... Rbc8 $2 (27... Bb5 $17 28. Rfd1 Qh6) 28. Qd3 $1 $14 {[%csl LRa6,LRd2]} Qh6 (28... Qc3 $1 $14 29. Qxa6 Ra8) 29. Qxa6 $16 g5 30. Bg1 (30. Qb7 $142 $1 {[%cal Rb7d7]} Bf4 31. Bg1) 30... g4 31. Bd1 g3 ({Black should try} 31... f4 $14) 32. Rb2 (32. Qb7 $1 $16 {[%cal Rb7d7]} Rcd8 33. Rb2) 32... Be3 $11 33. h3 $2 (33. Rb3 $1 $11 {and White is okay.} f4 34. Rxe3 (34. h3 {leads to mate.} Bxh3 35. Bh5 Qxh5 36. gxh3 Qxd5+ {[%mdl 64] Double Attack} 37. Rf3 Qxf3#) 34... Rxe3 35. Qb7) 33... f4 $19 34. Bxe3 Rxe3 35. Kg1 Qf6 $2 ({Black should play} 35... Rce8 $1 $19 {Hoping for ...Re1.} 36. Qc4 f3 $1 {[%mdl 512]} 37. Bxf3 Re1) 36. Re2 $1 $36 {[%cal Re2e3][%mdl 2048] White has some pressure.} Qd4 {( -> ...Rf3+)} 37. Qb6 Rc5 $2 {[%mdl 8192]} (37... Re4+ $11 38. Qxd4 Rxd4) 38. Rxe3 $2 ({Not} 38. bxc5 Rxe2+ 39. Kh1 Re8 $18) (38. Kh1 $18 {is the precise move to win.} Rc4 39. Qd8+ Be8 40. a6) 38... Qxe3+ $16 39. Kh1 Bb5 $2 {[%mdl 8192]} (39... Rc8 $16) 40. Qd8+ $18 Kg7 41. Qg5+ $1 {[%mdl 64] Double Attack} Kh8 42. Qf6+ {[%mdl 64] Double Attack} Kg8 43. Bg4 h5 44. Be6+ Kh7 45. Bf5+ {[%mdl 64] Discovered Attack} Kg8 46. Qg6+ Kf8 47. Qxd6+ (47. Qh6+ $142 Ke8 48. Qxd6 Qe7 49. Bg6+ {[%mdl 64] Double Attack} Kf8 50. Rxf4+ Kg8 51. Bh7+ $1 {[%mdl 512]} (51. Qxe7 $2 {gets mated.} Rc1+ 52. Qe1 Rxe1+ 53. Rf1 Rxf1#) 51... Kh8 52. Rf8+ {[%mdl 64] Discovered Attack} (52. Qxe7 $2 Rc1+ 53. Qe1 Rxe1+ 54. Rf1 Rxf1#) 52... Qxf8 53. Qxf8+ Kxh7 54. Qxc5) 47... Kg7 48. Qg6+ Kf8 49. Qf6+ Kg8 50. Qg5+ Kf8 51. Qh6+ Ke7 52. d6+ Kf7 53. Qg6+ Kf8 54. Qf6+ Kg8 55. Qd8+ (55. bxc5 $142 Bc6 56. Be6+ Kh7 57. Qf7+ Kh6 58. Qf8+ Kg6 59. Bf5+ Kg5 60. h4+ $1 {[%mdl 576] Deflection, Decoy} Kxh4 61. Qf6#) 55... Kf7 56. bxc5 {White threatens Qg5! and mate.} Bxf1 57. Qe7+ $1 Qxe7 58. dxe7 Kxe7 {[%mdl 4096] Endgame KB-KB} 59. Kg1 $2 (59. h4 $1 $18 {Strongly threatening Bg6.} Bc4 60. Bg6) 59... Ba6 $11 60. h4 {And now Bg6 would win.} Kd8 $2 {[%mdl 8192]} (60... Be2 $1 $11 61. Bg6 Kd7) 61. Bg6 Be2 {[#]} 62. Bf7 $2 (62. a6 $1 $18 {[%cal Ra6a7][%mdl 512] Threatening mate with a7.} Kc7 (62... Bxa6 63. Bxh5) 63. Bf7) 62... Kc7 $2 {[%mdl 8192] [#]} (62... Ke7 $1 $11 {and Black stays safe.} 63. Bg6 Kd7) 63. Bd5 $2 ({White has to play} 63. a6 $1 $18 {[%mdl 512] Black must now prevent Be8.} Bxa6 64. Bxh5) 63... Bb5 $2 {[%mdl 8192]} (63... Kb8 $11) 64. Bf3 $18 {White is clearly winning.} Be8 65. Kf1 (65. a6 $142 Kb8 66. c6) 65... Kb8 66. Ke2 Bb5+ 67. Kd2 Bf1 68. Kc3 Kc7 69. Kd4 {Accuracy: White = 59%, Black = 56%.} 1-0